[Event "Ancona Ascoli Province-ch"]
[Site "Porto Sant Elpidio"]
[Date "2016.01.30"]
[Round "2"]
[White "Della Mora, David"]
[Black "Foglia, Maurizio"]
[Result "0-1"]
[WhiteElo "1813"]
[BlackElo "2090"]
[PlyCount "98"]
[EventDate "2016.01.29"]
[EventType "swiss"]
[EventRounds "5"]
[EventCountry "ITA"]
[SourceTitle "EXT 2018"]
[Source "ChessBase"]
[SourceDate "2017.10.13"]
[SourceVersion "1"]
[SourceVersionDate "2017.10.13"]
[SourceQuality "1"]

1. Nf3 Nf6 2. g3 g6 3. Bg2 Bg7 4. 0-0 0-0 5. c4 d6 6. Nc3 Nc6 7. d3 e5 8. Rb1 Rb8 9. b4 a6 10. Ng5 h6 11. Nge4 Nxe4 12. Nxe4 Be6 13. Nc3 Ne7 14. Bb2 c6 15. a3 Qd7 16. Re1 f5 17. e3 b5 18. cxb5 axb5 19. Qc2 Rbe8 20. Rbc1 f4 21. exf4 exf4 22. Ne4 Bxb2 23. Qxb2 Nd5 24. Qc2 f3 25. Bh1 Rc8 26. d4 Kg7 27. Qd3 Bg4 28. Nc3 Nb6 29. d5 Nc4 30. Qd4+ Ne5 31. dxc6 Rxc6 32. Ne4 Rxc1 33. Rxc1 Rc8 34. Rd1 Rc4 35. Qd5 Be6 36. Qxe5+ dxe5 37. Rxd7+ Bxd7 38. Bxf3 Bc6 39. Nd2 Rc1+ 40. Kg2 Bxf3+ 41. Nxf3 Kf6 42. Nd2 Ra1 43. Ne4+ Ke6 44. Nc5+ Kd5 45. h4 Rxa3 46. g4 Rc3 47. Na6 Rc6 48. Nb8 Rc4 49. Nd7 Rxg4+ 0-1

[Event "Porto Sant Elpidio op-A 16th"]
[Site "Porto Sant Elpidio"]
[Date "2013.11.17"]
[Round "2"]
[White "Foglia, Maurizio"]
[Black "Viviani, Alessio"]
[Result "1/2-1/2"]
[WhiteElo "2120"]
[BlackElo "2084"]
[PlyCount "37"]
[EventDate "2013.11.16"]
[EventType "swiss"]
[EventRounds "6"]
[EventCountry "ITA"]
[SourceTitle "EXT 2015"]
[Source "ChessBase"]
[SourceDate "2014.11.20"]
[SourceVersion "1"]
[SourceVersionDate "2014.11.20"]
[SourceQuality "1"]

1. c4 c5 2. g3 Nc6 3. Bg2 g6 4. Nc3 Bg7 5. e4 Nf6 6. Nge2 0-0 7. 0-0 Ne8 8. d3 Nc7 9. f4 Rb8 10. Be3 d6 11. d4 cxd4 12. Nxd4 Ne6 13. Nde2 Nc5 14. Qd2 Na5 15. b3 Naxb3 16. axb3 Nxb3 17. Qd3 Nxa1 18. Rxa1 a6 19. Rb1 1/2-1/2

[Event "Krakow Malopolski-chA"]
[Site "Krakow"]
[Date "2013.04.28"]
[Round "1"]
[White "Foglia, Maurizio"]
[Black "Molenda, Marcin"]
[Result "0-1"]
[WhiteElo "2144"]
[BlackElo "1823"]
[PlyCount "106"]
[EventDate "2013.04.28"]
[EventType "swiss"]
[EventRounds "9"]
[EventCountry "POL"]
[SourceTitle "CBM 154 Extra"]
[Source "ChessBase"]
[SourceDate "2013.06.25"]
[SourceVersion "2"]
[SourceVersionDate "2013.06.25"]
[SourceQuality "1"]

1. c4 c5 2. g3 g6 3. Bg2 Nc6 4. Nf3 Bg7 5. Nc3 h5 6. h4 Nh6 7. d3 Nf5 8. Bd2 0-0 9. 0-0 a6 10. Qc1 Rb8 11. Ne4 d6 12. Bc3 Bh6 13. Qd1 b5 14. b3 Bb7 15. e3 b4 16. Bb2 e5 17. Qe2 Ng7 18. Rad1 Ne6 19. d4 f5 20. Neg5 Bxg5 21. hxg5 e4 22. Nh4 cxd4 23. Nxg6 Rf7 24. exd4 Qxg5 25. d5 Qxg6 26. dxe6 Qxe6 27. Qxh5 Rh7 28. Qg5+ Kf7 29. Qf4 Rd8 30. Rfe1 Ne7 31. f3 Ng6 32. Qg5 Rg8 33. fxe4 Nh4 34. Qf4 Nxg2 35. Kxg2 Bxe4+ 36. Rxe4 Qxe4+ 37. Qxe4 fxe4 38. Rxd6 Re8 39. Bc1 Re6 40. Rd1 Kg6 41. Be3 Rf7 42. Bf4 a5 43. c5 Rf5 44. Rc1 Rc6 45. Be3 Rf3 46. Re1 Kf5 47. Bf2 Rc3 48. Re2 Re6 49. Be3 Kg4 50. Kf2 Rf6+ 51. Kg2 Rf3 52. Bf4 e3 53. Bd6 Rc1 0-1

[Event "Zagreb op-B"]
[Site "Zagreb"]
[Date "2012.03.11"]
[Round "8"]
[White "Jelecevic, Ivo"]
[Black "Foglia, Maurizio"]
[Result "1-0"]
[WhiteElo "2209"]
[BlackElo "2198"]
[PlyCount "105"]
[EventDate "2012.03.05"]
[EventType "swiss"]
[EventRounds "9"]
[EventCountry "CRO"]
[SourceTitle "CBM 147 Extra"]
[Source "ChessBase"]
[SourceDate "2012.04.24"]
[SourceVersion "1"]
[SourceVersionDate "2012.04.24"]
[SourceQuality "1"]

1. e4 Nf6 2. Nc3 d5 3. exd5 Nxd5 4. Bc4 Nb6 5. Be2 Bf5 6. Nf3 e6 7. d3 Be7 8. Bf4 Nc6 9. 0-0 Nb4 10. a3 N4d5 11. Nxd5 Nxd5 12. Bg3 c5 13. d4 0-0 14. dxc5 Bxc5 15. c4 Nf6 16. b4 Be7 17. Qb3 Ne4 18. Bf4 a5 19. Rfd1 Qb6 20. Be3 Bc5 21. Bxc5 Nxc5 22. Qb2 axb4 23. axb4 Rxa1 24. Rxa1 Rd8 25. Qa3 Na6 26. b5 Nc5 27. Qe3 Qc7 28. Nd4 Bg6 29. f4 h6 30. g3 Kh7 31. Rd1 Na4 32. g4 Nb2 33. Rc1 Qc5 34. Nf5 Qxe3+ 35. Nxe3 Be4 36. c5 Rc8 37. Nd1 Na4 38. Nf2 Rxc5 39. Rxc5 Nxc5 40. Nxe4 Nxe4 41. Bd3 f5 42. Bxe4 fxe4 43. Kf2 Kg6 44. Ke3 Kf6 45. Kxe4 g6 46. h4 h5 47. gxh5 gxh5 48. b6 Ke7 49. Ke5 Kd7 50. Kf6 Kd6 51. Kg5 Kc5 52. Kxh5 Kxb6 53. Kg5 1-0

[Event "Porto Sant Elpidio op 14th"]
[Site "Porto Sant Elpidio"]
[Date "2011.11.26"]
[Round "4"]
[White "Foglia, Maurizio"]
[Black "Rinaudo, Andrea"]
[Result "1-0"]
[WhiteElo "2163"]
[BlackElo "2097"]
[PlyCount "61"]
[EventDate "2011.11.19"]
[EventType "swiss"]
[EventRounds "6"]
[EventCountry "ITA"]
[SourceTitle "EXT 2023"]
[Source "ChessBase"]
[SourceDate "2022.10.05"]
[SourceVersion "1"]
[SourceVersionDate "2022.10.05"]
[SourceQuality "1"]

1. d4 d5 2. Nf3 Nf6 3. g3 e6 4. Bg2 Be7 5. 0-0 0-0 6. c4 c5 7. cxd5 Nxd5 8. dxc5 Bxc5 9. a3 a5 10. e4 Nf6 11. Qc2 Na6 12. e5 Nd5 13. Ng5 f5 14. exf6 Nxf6 15. Nc3 h6 16. Nge4 Bd4 17. Rd1 Nxe4 18. Nxe4 Qb6 19. Rxd4 Qxd4 20. Be3 Qd7 21. Rd1 Qe7 22. Qd2 e5 23. Qxa5 Bg4 24. Re1 Bf3 25. Bxf3 Rxf3 26. Qd5+ Rf7 27. Nd6 Nc7 28. Qxf7+ Qxf7 29. Nxf7 Kxf7 30. Bc5 Ke6 31. f4 1-0

[Event "Porto San Giorgio op 23rd"]
[Site "Porto San Giorgio"]
[Date "2011.08.25"]
[Round "6"]
[White "Foglia, Maurizio"]
[Black "Sagripanti, Michele"]
[Result "1-0"]
[WhiteElo "2213"]
[BlackElo "1990"]
[PlyCount "65"]
[EventDate "2011.08.21"]
[EventType "swiss"]
[EventRounds "9"]
[EventCountry "ITA"]
[SourceTitle "CBM 144 Extra"]
[Source "ChessBase"]
[SourceDate "2011.10.28"]
[SourceVersion "1"]
[SourceVersionDate "2011.10.28"]
[SourceQuality "1"]

1. d4 Nf6 2. Nf3 g6 3. Nc3 d5 4. Bf4 Bg7 5. Qd2 0-0 6. Bh6 Ne4 7. Nxe4 dxe4 8. Bxg7 Kxg7 9. Ng5 Bf5 10. g4 Bxg4 11. Nxe4 Nc6 12. d5 Ne5 13. 0-0-0 Qd7 14. f4 Bf5 15. Nc5 Qd6 16. Qc3 b6 17. Nb3 f6 18. fxe5 fxe5 19. Bg2 a5 20. Nd2 b5 21. Nf3 Kf6 22. Rhf1 b4 23. Qc4 Kg7 24. Ng5 Rf6 25. Ne4 Bxe4 26. Bxe4 Ra6 27. Rf3 Rb6 28. h4 a4 29. Rh1 b3 30. a3 bxc2 31. h5 Qd7 32. hxg6 hxg6 33. Rfh3 1-0

[Event "Split op 1st"]
[Site "Split"]
[Date "2011.08.05"]
[Round "1"]
[White "Foglia, Maurizio"]
[Black "Jerkovic, Maroje"]
[Result "0-1"]
[WhiteElo "2213"]
[BlackElo "1815"]
[PlyCount "72"]
[EventDate "2011.08.05"]
[EventType "swiss"]
[EventRounds "9"]
[EventCountry "CRO"]
[SourceTitle "CBM 143 Extra"]
[Source "ChessBase"]
[SourceDate "2011.08.29"]
[SourceVersion "1"]
[SourceVersionDate "2011.08.29"]
[SourceQuality "1"]

1. d4 f5 2. Bf4 g6 3. e3 Bg7 4. c4 Nh6 5. Nf3 Nf7 6. Nc3 e6 7. h4 d5 8. Ng5 c6 9. Qb3 Nd6 10. c5 Ne4 11. Ngxe4 fxe4 12. Bd6 Qf6 13. Be5 Qf7 14. Bxg7 Qxg7 15. h5 Nd7 16. 0-0-0 e5 17. Nxd5 cxd5 18. Qxd5 Qf7 19. Qxe4 Qf5 20. Qxf5 gxf5 21. dxe5 Nxc5 22. Rd5 Ne4 23. Bb5+ Ke7 24. f3 Ng3 25. Rh4 Be6 26. Rd2 Rac8+ 27. Kb1 Rc5 28. Bd3 Rhc8 29. b3 Rxe5 30. Rh3 f4 31. exf4 Re1+ 32. Kb2 Bxh3 33. gxh3 Rd8 34. Rg2 Rxd3 35. Rxg3 Kf7 36. h6 Re7 0-1

[Event "Civitanova Marche op"]
[Site "Civitanova Marche"]
[Date "2011.07.29"]
[Round "6"]
[White "Foglia, Maurizio"]
[Black "Viviani, Alessio"]
[Result "0-1"]
[WhiteElo "2213"]
[BlackElo "1958"]
[PlyCount "75"]
[EventDate "2011.07.24"]
[EventType "swiss"]
[EventRounds "7"]
[EventCountry "ITA"]
[SourceTitle "EXT 2014"]
[Source "ChessBase"]
[SourceDate "2013.11.20"]
[SourceVersion "1"]
[SourceVersionDate "2013.11.20"]
[SourceQuality "1"]

1. Nf3 Nf6 2. d4 g6 3. Nc3 d5 4. Bf4 Bg7 5. Qd2 0-0 6. Bh6 Nbd7 7. Bxg7 Kxg7 8. h4 c5 9. h5 cxd4 10. Qxd4 Qb6 11. Qxb6 Nxb6 12. hxg6 hxg6 13. e3 Nbd7 14. Bb5 Nc5 15. Ne5 a6 16. Be2 b5 17. a3 Bf5 18. Rc1 Rfc8 19. g4 Be6 20. g5 Nfe4 21. Nxe4 dxe4 22. 0-0 Na4 23. f3 Rc5 24. f4 Nxb2 25. Kf2 Rac8 26. c4 f6 27. gxf6+ exf6 28. Nxg6 Kxg6 29. Rh1 Rg8 30. Rcg1+ Kf7 31. Rh7+ Kf8 32. Rb1 Nd3+ 33. Bxd3 exd3 34. cxb5 axb5 35. a4 f5 36. axb5 Rc2+ 37. Kf1 d2 38. Rc7 0-1

[Event "Mediterranean op-A 4th"]
[Site "Rijeka"]
[Date "2010.11.18"]
[Round "7"]
[White "Foglia, Maurizio"]
[Black "Bukal, Vladimir Jr"]
[Result "1/2-1/2"]
[WhiteElo "2204"]
[BlackElo "2390"]
[PlyCount "43"]
[EventDate "2010.11.12"]
[EventType "swiss"]
[EventRounds "9"]
[EventCountry "CRO"]
[SourceTitle "EXT 2011"]
[Source "ChessBase"]
[SourceDate "2010.11.26"]
[SourceVersion "1"]
[SourceVersionDate "2010.11.26"]
[SourceQuality "1"]

1. d4 d5 2. Bf4 Nf6 3. e3 e6 4. Nf3 c5 5. c3 Nc6 6. Nbd2 Bd6 7. Bg3 0-0 8. Bd3 b6 9. Ne5 Qc7 10. f4 Nd7 11. Qh5 f5 12. Bh4 Be7 13. Nxc6 Bxh4+ 14. Qxh4 Qxc6 15. Nf3 Nf6 16. Ne5 Qa4 17. Qf2 Ba6 18. Qc2 Qa5 19. 0-0 Rfc8 20. Rf3 Bxd3 21. Qxd3 b5 22. dxc5 1/2-1/2

[Event "Mediterranean op-A 4th"]
[Site "Rijeka"]
[Date "2010.11.17"]
[Round "6"]
[White "Zufic, Miroslav"]
[Black "Foglia, Maurizio"]
[Result "0-1"]
[WhiteElo "2442"]
[BlackElo "2204"]
[PlyCount "93"]
[EventDate "2010.11.12"]
[EventType "swiss"]
[EventRounds "9"]
[EventCountry "CRO"]
[SourceTitle "EXT 2011"]
[Source "ChessBase"]
[SourceDate "2010.11.26"]
[SourceVersion "1"]
[SourceVersionDate "2010.11.26"]
[SourceQuality "1"]

1. e4 Nf6 2. e5 Nd5 3. d4 d6 4. Nf3 dxe5 5. Nxe5 c6 6. Be2 g6 7. c4 Nc7 8. Nc3 Bg7 9. f4 Nd7 10. Be3 0-0 11. Nf3 b5 12. 0-0 bxc4 13. Bxc4 Nb6 14. Bb3 Nbd5 15. Qd2 Nxe3 16. Qxe3 Be6 17. Bxe6 Nxe6 18. Rad1 Qb6 19. Rd2 c5 20. d5 Bd4 21. Nxd4 cxd4 22. Qf2 dxc3 23. bxc3 Qxf2+ 24. Rfxf2 Nc5 25. Rfe2 Rfe8 26. c4 Rab8 27. Rb2 Kf8 28. g3 Rec8 29. Kg2 Nd3 30. Rb3 Nc1 31. Rxb8 Rxb8 32. Rc2 Nd3 33. Rc3 Nc5 34. Ra3 Rb7 35. Kf3 Ke8 36. Ke3 Kd7 37. Kd4 Kd6 38. Ra5 Rc7 39. Rb5 f6 40. Rb8 e5+ 41. fxe5+ fxe5+ 42. Kc3 Na4+ 43. Kd3 Nb6 44. Rd8+ Rd7 45. Rf8 Kc5 46. Rf6 Rc7 47. h4 0-1